| 000 | 00848nam a2200217Ia 4500 | ||
|---|---|---|---|
| 999 |
_c39406 _d39406 |
||
| 001 | 5996 | ||
| 003 | GE_BSU | ||
| 005 | 20190621144741.0 | ||
| 008 | 181216s1970||||ge |||||||||||||| ||geo|| | ||
| 040 | _cGE_BSU | ||
| 041 | _ageo | ||
| 080 | _a744 : 69(075.8) ბ-37 | ||
| 100 |
_aბაახია, გ. _92723 |
||
| 245 |
_aსამშენებლო ხაზვა : _bდამხმ. სახელმძღ. / _cგ. ბაახია, ა. მარგველაშვილი |
||
| 264 |
_aთბილისი : _bსპი, _c1970. |
||
| 300 |
_a27 გვ. : _bნახაზები ; _c22 სმ. |
||
| 504 | _aბიბლიოგრ. : გვ.216. | ||
| 653 | _aსამშენებლი ხაზვა | ||
| 700 |
_aმარგველაშვილი, ა. _eავტორი _92724 |
||
| 942 |
_cBK _2udc |
||